[Financie a mena]

Recenzia učebnice Beňová, E. a kol.: Financie a mena. V učebnici sa rozoberajú otázky otázky a poznatky z oblasti financií a meny súvisiace s ekonomickou transformáciou, vstupom SR do Európskej únie a otázky zovšeobecnenia nových tendencií v ekonomickej praxi. Učebnica sa skladá zo štyroch oddielov...

Description complète

Enregistré dans:
Détails bibliographiques
Auteur principal: Vincúrová, Zuzana
Format: Chapitre de livre
Langue:slovaque
Sujets:
Tags: Ajouter un tag
Pas de tags, Soyez le premier à ajouter un tag!

MARC

LEADER 00000naa$a2200000$$$4500
001 0029783
005 20230808080842.3
041 0 |a slo 
044 |a SK 
245 1 0 |a [Financie a mena]  |c rec. Zuzana Vincúrová 
520 |a Recenzia učebnice Beňová, E. a kol.: Financie a mena. V učebnici sa rozoberajú otázky otázky a poznatky z oblasti financií a meny súvisiace s ekonomickou transformáciou, vstupom SR do Európskej únie a otázky zovšeobecnenia nových tendencií v ekonomickej praxi. Učebnica sa skladá zo štyroch oddielov a má jedenásť kapitol. 
610 2 0 |a recenzie 
610 2 0 |a učebnice 
610 2 0 |a financie 
610 2 0 |a mena 
610 2 0 |a financie podnikové 
610 2 0 |a obeh peňažný 
100 1 |a Vincúrová, Zuzana